Kabale University Library Catalogue

Chemistry : (Record no. 5992)

MARC details
000 -LEADER
fixed length control field 00733nam a22002537a 4500
003 - CONTROL NUMBER IDENTIFIER
control field OSt
005 - DATE AND TIME OF LATEST TRANSACTION
control field 20260204125826.0
008 - FIXED-LENGTH DATA ELEMENTS--GENERAL INFORMATION
fixed length control field 260204b |||||||| |||| 00| 0 eng d
020 ## - INTERNATIONAL STANDARD BOOK NUMBER
International Standard Book Number 978111963256
020 ## - INTERNATIONAL STANDARD BOOK NUMBER
International Standard Book Number 978111963265
020 ## - INTERNATIONAL STANDARD BOOK NUMBER
International Standard Book Number 978119632627
040 ## - CATALOGING SOURCE
Original cataloging agency KABLIB
Transcribing agency KABLIB
Description conventions rda
082 ## - DEWEY DECIMAL CLASSIFICATION NUMBER
Edition number 23
Classification number 540.7
Item number POS
100 ## - MAIN ENTRY--PERSONAL NAME
Personal name Post ,Richard
9 (RLIN) 15122
245 ## - TITLE STATEMENT
Title Chemistry :
Remainder of title a self teaching guide /
Statement of responsibility, etc. Richard Post ,Chad A.Snyder ,Clifford C.Houk
250 ## - EDITION STATEMENT
Edition statement 3rd ed.
260 ## - PUBLICATION, DISTRIBUTION, ETC.
Place of publication, distribution, etc. Canada :
Name of publisher, distributor, etc. John Wiley & Sons Inc. ,
Date of publication, distribution, etc. c2020 .
300 ## - PHYSICAL DESCRIPTION
Extent xvi,413p. ;
Other physical details ill. ;
Dimensions 23cm
504 ## - BIBLIOGRAPHY, ETC. NOTE
Bibliography, etc. note Includes index .
650 ## - SUBJECT ADDED ENTRY--TOPICAL TERM
Topical term or geographic name entry element chemistry
700 ## - ADDED ENTRY--PERSONAL NAME
Personal name Snyder ,Chad A.
9 (RLIN) 15123
700 ## - ADDED ENTRY--PERSONAL NAME
Personal name Houk ,Clifford C.
9 (RLIN) 15124
942 ## - ADDED ENTRY ELEMENTS (KOHA)
Source of classification or shelving scheme Dewey Decimal Classification
Koha item type Book
Holdings
Withdrawn status Lost status Source of classification or shelving scheme Damaged status Not for loan Home library Current library Shelving location Date acquired Source of acquisition Total Checkouts Full call number Barcode Date last seen Price effective from Koha item type
    Dewey Decimal Classification     Education Library Education Library Open Access Section 04.02.2026 purchased   540.7 POS 14145 04.02.2026 04.02.2026 Book
    Dewey Decimal Classification     Education Library Education Library Open Access Section 04.02.2026 purchased   540.7 POS 14146 04.02.2026 04.02.2026 Book

Kabale University Library | Kabale University P.O Box 317, Kabale, Uganda
Tel : +256754017033, +256774661503 E-mail : library@kab.ac.ug